ULTIMATE RAP QUIZ 2020 - PT 1 - Statistics

General Stats
  • This quiz has been taken 1,931 times
  • The average score is 47 of 80
Answer Stats
Question Tile Select % Correct
WHICH OF THE FOLLOWING ARE ALBUMS BY DRAKE? EXIT WOUNDS No
95%
WHICH OF THE FOLLOWING ARE ALBUMS BY DRAKE? DONT PANIC No
94%
WHICH OF THE FOLLOWING ARE ALBUMS BY DRAKE? MASTERMIND No
94%
WHICH OF THE FOLLOWING ARE ALBUMS BY DRAKE? PORT OF MIAMI No
93%
WHICH OF THE FOLLOWING ARE ALBUMS BY DRAKE? BORN AGAIN No
92%
WHICH OF THE FOLLOWING ARE ALBUMS BY DRAKE? CULTURE No
92%
WHICH OF THE FOLLOWING ARE ALBUMS BY DRAKE? DREAMS AND NIGHTMARES No
92%
WHICH OF THE FOLLOWING RAPPERS HAVE A SONG ON THE LYRICAL LEMONADE YOUTUBE CHANEL? JAY Z No
91%
WHICH OF THE FOLLOWING ARE ALBUMS BY DRAKE? RATHER YOU THAN ME No
91%
WHICH OF THE FOLLOWING ARE ALBUMS BY DRAKE? WINS AND LOSSES No
91%
WHICH OF THE FOLLOWING RAPPERS HAVE A SONG ON THE LYRICAL LEMONADE YOUTUBE CHANEL? RICK ROSS No
90%
WHICH OF THE FOLLOWING RAPPERS HAVE A SONG ON THE LYRICAL LEMONADE YOUTUBE CHANEL? SNOOP DOGG No
90%
WHICH OF THE FOLLOWING RAPPERS FEATURE ON DJ KHALED ALBUM TITLED ‘FATHER OF ASHAD’? LIL TECCA No
89%
WHICH OF THE FOLLOWING RAPPERS FEATURE ON DJ KHALED ALBUM TITLED ‘FATHER OF ASHAD’? LIL TJAY No
89%
WHICH OF THE FOLLOWING RAPPERS HAVE A SONG ON THE LYRICAL LEMONADE YOUTUBE CHANEL? MEEK MILL No
88%
WHICH OF THE FOLLOWING ARE ALBUMS BY DRAKE? FOREVER No
84%
WHICH OF THESE ARE SONGS ON DRAKES ALBUM SCORPION? GLOW No
84%
WHICH OF THESE ARE SONGS ON DRAKES ALBUM SCORPION? ICE MELTS No
84%
WHICH OF THESE ARE SONGS ON DRAKES ALBUM SCORPION? NO LONG TALK No
82%
WHICH OF THESE ARE SONGS ON DRAKES ALBUM SCORPION? FREE SMOKE No
81%
WHICH OF THESE ARE SONGS ON DRAKES ALBUM SCORPION? KMT No
81%
WHICH OF THE FOLLOWING ARE ALBUMS BY DRAKE? SCORPION Yes
80%
WHICH OF THE FOLLOWING RAPPERS FEATURE ON DJ KHALED ALBUM TITLED ‘FATHER OF ASHAD’? TAKEOFF No
80%
WHICH OF THESE ARE SONGS ON DRAKES ALBUM SCORPION? PORTLAND No
79%
WHICH OF THESE ARE SONGS ON DRAKES ALBUM SCORPION? PASSIONFRUIT No
78%
WHICH OF THE FOLLOWING RAPPERS HAVE A SONG ON THE LYRICAL LEMONADE YOUTUBE CHANEL? JUICE WRLD Yes
76%
WHICH OF THESE ARE SONGS ON DRAKES ALBUM SCORPION? FAKE LOVE No
75%
WHICH OF THE FOLLOWING RAPPERS ARE SIGNED TO CASH MONEY RECORDES? KANYE WEST No
72%
WHICH OF THE FOLLOWING RAPPERS HAVE A SONG ON THE LYRICAL LEMONADE YOUTUBE CHANEL? XXXTENTACION No
72%
WHICH OF THE FOLLOWING RAPPERS ARE SIGNED TO CASH MONEY RECORDES? JAY Z No
71%
WHICH OF THE FOLLOWING RAPPERS HAVE A SONG ON THE LYRICAL LEMONADE YOUTUBE CHANEL? LIL TECCA Yes
71%
WHICH OF THE FOLLOWING RAPPERS ARE SIGNED TO CASH MONEY RECORDES? JADAKISS No
70%
WHICH OF THE FOLLOWING RAPPERS ARE SIGNED TO CASH MONEY RECORDES? LL COOL J No
70%
WHICH OF THE FOLLOWING RAPPERS ARE SIGNED TO CASH MONEY RECORDES? LOGIC No
70%
WHICH OF THE FOLLOWING RAPPERS ARE SIGNED TO CASH MONEY RECORDES? NAS No
70%
WHICH OF THE FOLLOWING RAPPERS FEATURE ON DJ KHALED ALBUM TITLED ‘FATHER OF ASHAD’? OFFSET No
68%
WHICH OF THE FOLLOWING ARE ALBUMS BY DRAKE? VIEWS Yes
68%
WHICH OF THE FOLLOWING RAPPERS ARE SIGNED TO CASH MONEY RECORDES? LIL JON No
67%
WHICH OF THE FOLLOWING ARE ALBUMS BY DRAKE? TAKE CARE Yes
66%
WHICH OF THE FOLLOWING RAPPERS HAVE A SONG ON THE LYRICAL LEMONADE YOUTUBE CHANEL? LIL TJAY No
65%
WHICH OF THE FOLLOWING RAPPERS HAVE A SONG ON THE LYRICAL LEMONADE YOUTUBE CHANEL? SKI MASK Yes
64%
WHICH OF THE FOLLOWING RAPPERS ARE SIGNED TO CASH MONEY RECORDES? RICK ROSS No
63%
WHICH OF THESE ARE SONGS ON DRAKES ALBUM SCORPION? GODS PLAN Yes
62%
WHICH OF THE FOLLOWING RAPPERS HAVE A SONG ON THE LYRICAL LEMONADE YOUTUBE CHANEL? LIL SKIES Yes
60%
WHICH OF THE FOLLOWING RAPPERS FEATURE ON DJ KHALED ALBUM TITLED ‘FATHER OF ASHAD’? RICK ROSS No
59%
WHICH OF THE FOLLOWING ARE ALBUMS BY DRAKE? MORE LIFE Yes
58%
WHICH OF THESE ARE SONGS ON DRAKES ALBUM SCORPION? NONSTOP Yes
55%
WHICH OF THE FOLLOWING ARE ALBUMS BY DRAKE? NOTHING WAS THE SAME Yes
54%
WHICH OF THE FOLLOWING RAPPERS HAVE A SONG ON THE LYRICAL LEMONADE YOUTUBE CHANEL? YNW MELLY Yes
54%
WHICH OF THESE ARE SONGS ON DRAKES ALBUM SCORPION? NICE FOR WHAT Yes
52%
WHICH OF THE FOLLOWING RAPPERS HAVE A SONG ON THE LYRICAL LEMONADE YOUTUBE CHANEL? LIL XAN Yes
46%
WHICH OF THE FOLLOWING RAPPERS FEATURE ON DJ KHALED ALBUM TITLED ‘FATHER OF ASHAD’? DRAKE No
44%
WHICH OF THE FOLLOWING RAPPERS HAVE A SONG ON THE LYRICAL LEMONADE YOUTUBE CHANEL? POLO G No
42%
WHICH OF THESE ARE SONGS ON DRAKES ALBUM SCORPION? IM UPSET Yes
41%
WHICH OF THE FOLLOWING RAPPERS HAVE A SONG ON THE LYRICAL LEMONADE YOUTUBE CHANEL? EMINEM Yes
40%
WHICH OF THE FOLLOWING RAPPERS ARE SIGNED TO CASH MONEY RECORDES? LIL WAYNE Yes
36%
WHICH OF THE FOLLOWING RAPPERS FEATURE ON DJ KHALED ALBUM TITLED ‘FATHER OF ASHAD’? CARDI B Yes
35%
WHICH OF THE FOLLOWING RAPPERS FEATURE ON DJ KHALED ALBUM TITLED ‘FATHER OF ASHAD’? LIL BABY Yes
35%
WHICH OF THESE ARE SONGS ON DRAKES ALBUM SCORPION? MOB TIES Yes
35%
WHICH OF THE FOLLOWING RAPPERS FEATURE ON DJ KHALED ALBUM TITLED ‘FATHER OF ASHAD’? 21 SAVAGE Yes
34%
WHICH OF THE FOLLOWING RAPPERS FEATURE ON DJ KHALED ALBUM TITLED ‘FATHER OF ASHAD’? CHRIS BROWN Yes
33%
WHICH OF THE FOLLOWING RAPPERS FEATURE ON DJ KHALED ALBUM TITLED ‘FATHER OF ASHAD’? LIL WAYNE Yes
33%
WHICH OF THE FOLLOWING RAPPERS FEATURE ON DJ KHALED ALBUM TITLED ‘FATHER OF ASHAD’? MEEK MILL Yes
31%
WHICH OF THE FOLLOWING RAPPERS ARE SIGNED TO CASH MONEY RECORDES? NICKI MINAJ Yes
31%
WHICH OF THE FOLLOWING RAPPERS FEATURE ON DJ KHALED ALBUM TITLED ‘FATHER OF ASHAD’? TRAVIS SCOTT Yes
30%
WHICH OF THE FOLLOWING RAPPERS FEATURE ON DJ KHALED ALBUM TITLED ‘FATHER OF ASHAD’? BIG SEAN Yes
29%
WHICH OF THE FOLLOWING RAPPERS ARE SIGNED TO CASH MONEY RECORDES? TYGA Yes
29%
WHICH OF THE FOLLOWING RAPPERS ARE SIGNED TO CASH MONEY RECORDES? DRAKE Yes
28%
WHICH OF THE FOLLOWING RAPPERS ARE SIGNED TO CASH MONEY RECORDES? BIRDMAN Yes
27%
WHICH OF THE FOLLOWING RAPPERS FEATURE ON DJ KHALED ALBUM TITLED ‘FATHER OF ASHAD’? NIPSEY HUSSLE Yes
27%
WHICH OF THE FOLLOWING RAPPERS FEATURE ON DJ KHALED ALBUM TITLED ‘FATHER OF ASHAD’? POST MALONE Yes
26%
WHICH OF THESE ARE SONGS ON DRAKES ALBUM SCORPION? ELEVATE Yes
23%
WHICH OF THESE ARE SONGS ON DRAKES ALBUM SCORPION? SANDRAS ROSE Yes
23%
WHICH OF THESE ARE SONGS ON DRAKES ALBUM SCORPION? SURVIVAL Yes
23%
WHICH OF THE FOLLOWING RAPPERS HAVE A SONG ON THE LYRICAL LEMONADE YOUTUBE CHANEL? KANYE WEST Yes
20%
WHICH OF THE FOLLOWING RAPPERS ARE SIGNED TO CASH MONEY RECORDES? YO GOTTI Yes
16%
WHICH OF THE FOLLOWING RAPPERS HAVE A SONG ON THE LYRICAL LEMONADE YOUTUBE CHANEL? FUTURE Yes
13%
WHICH OF THE FOLLOWING RAPPERS ARE SIGNED TO CASH MONEY RECORDES? BUSTA RYMES Yes
12%
WHICH OF THE FOLLOWING ARE ALBUMS BY DRAKE? COMEBACK SEASON Yes
11%
WHICH OF THE FOLLOWING RAPPERS ARE SIGNED TO CASH MONEY RECORDES? DJ KHALED Yes
10%
No matching quizzes found
Score Distribution
Percent of People with Each Score
Percentile by Number Answered
Your Score History
You have not taken this quiz